01009nam a2200205 a 4500001001000000005001700010008004100027041000800068044000700076050002400083245010400107260003900211300002200250500005800272500003600330500000900366505035700375650005200732650001900784BRCA_637920190320205430.0100811s1943----mx-a######---#000-0#spa-# aspa amx 4aPQ7100b.H54 2 194610aEl hijo pródigobRevista literariacOctavio G. Barreda editor; Isaac Rojas Rosillo administrador. aMéxicobLetras de Méxicoc1946 a9 v.bil.c23 cm. aRevista inventariada por Banco de México como libro aVer también K188, K190 y K191 aK1890 aContenido: v.1. vol. XI, No. 34, Enero 1946.-- v.2. vol. XI, No. 35, Febrero 1946.-- v.3. vol. XI, No. 36, Marzo 1946.-- v.4. vol. XII, No. 37, Abril 1946.-- v.5. vol. XII, No. 38, Mayo 1946.-- v.6. vol. XII, No. 39, Junio 1946.-- v.7: vol. XIII, No. 40, Julio 1946.-- v.8: vol. XIII, No. 41, Agosto 1946.-- v.9: vol. XIII, No. 42, Septiembre 1946.14aLiteratura mexicanavPublicaciones periódicas14aArtezMéxico